Prevolanie účastníkov II. celoslovenského aktívu brigád socialistickej práce v jednotnej sústave knižníc ku knižničným pracovníkom v SSR

Bibliographic Details
Format: Article
Language:Slovak
Subjects:

MARC

LEADER 00000nab a2200000 a 4500
001 vtls000101731
003 SK-MaSNL
005 20260303021954.0
008 111104c1981 xo 0 slo
015 |a SNBRB19rr/mm-uuuuu 
035 |a CL0111834 
040 |a SNKBUCL  |b slo  |c SNKBUCL  |e AACR2 
041 0 |a slo 
044 |a xo  |c SK 
080 |a 023.5:331.876  |2 1981 
080 |a 331.876  |2 1981 
080 |a 021.15(437.6)  |2 1981 
080 |a 023.4  |2 1981 
080 |a 374.2(437.6 Banská Bystrica)  |2 1981 
245 0 0 |a Prevolanie účastníkov II. celoslovenského aktívu brigád socialistickej práce v jednotnej sústave knižníc ku knižničným pracovníkom v SSR 
650 0 7 |a knižnice jednotnej sústavy  |2 snkbucl  |9 359941 
650 0 7 |a brigády socialistickej práce  |2 snkbucl  |9 53950 
651 7 |a 5301  |2 snkbucl  |9 893756 
655 7 |a články z novín a časopisov  |2 snkbucl  |9 267496 
655 7 |a články z odboru knihovníctvo  |2 snkbucl  |9 166141 
773 0 |t Informácie a materiály  |g Č. 145 (1981), s. 88-90 
850 |a Slovenská národná knižnica v Martine  |a MTA001 
852 |a SNK  |b KIS3GCP 
958 |a RK 
958 |a KL 
992 |a RBX 
999 |c 1626115  |d 1628045